| 000 | 00523nam a22001937a 4500 | ||
|---|---|---|---|
| 003 | NUST - PNEC | ||
| 005 | 20170116180813.0 | ||
| 008 | 150513b xxu||||| |||| 00| 0 eng d | ||
| 020 | _a8174090843 | ||
| 040 | _cLIBRARY | ||
| 082 | _a510 GRE | ||
| 100 |
_93542 _a Grewal, Bhajan S. |
||
| 245 |
_aHigher engineering mathematics _cB. S. Grewal |
||
| 250 | _a35th ed. | ||
| 260 |
_aIndia: _bNew Delhi, _cc 2000. |
||
| 300 | _a1104 p . : | ||
| 650 |
_93543 _aHigher engineering mathematics _xMathematics. |
||
| 942 |
_2ddc _cBK |
||
| 999 |
_c63459 _d63459 |
||